| 000 | 00909nam a2200277 i 4500 | ||
|---|---|---|---|
| 003 | EG-ScBUE | ||
| 005 | 20240527085353.0 | ||
| 008 | 171123s2014 enk f b 001 0 eng d | ||
| 020 | _a9781408840603 | ||
| 040 |
_aEG-ScBUE _beng _erda _cEG-ScBUE _dEG-ScBUE |
||
| 043 |
_aaw----- _ama----- |
||
| 082 | 0 | 4 |
_222 _a956.054 _bDAN |
| 100 | 1 |
_aDanahar, Paul, _eauthor. _940576 |
|
| 245 | 1 |
_aThe new Middle East : _bthe world after the Arab Spring / _cPaul Danahar. |
|
| 264 | 1 |
_aLondon : _bBloomsbury Publishing, _c2014. |
|
| 300 |
_a467 pages ; _c20 cm |
||
| 336 |
_2rdacontent _atext _btxt |
||
| 337 |
_aunmediated _2rdamedia _bn |
||
| 338 |
_avolume _bnc _2rdacarrier |
||
| 504 | _aIncludes bibliographical references and index. | ||
| 590 | _aSuzan Ashmawy | ||
| 650 | 7 |
_aArab Spring, 2010- _2BUEsh |
|
| 650 | 7 |
_aMiddle East _xPolitics and government _y1979- _2BUEsh |
|
| 655 | _vReading book | ||
| 942 |
_2ddc _cBB |
||
| 999 |
_c25655 _d25627 |
||